Fou llavors de l'ambigú... : faula barrufa, vigilia nocturna / de Santiago Sans ; pròleg de Jaume Melendres faula barrufa, vigilia nocturna / de Santiago Sans ; pròleg de Jaume Melendres

por Sans, Santiago

Descripción Física: 82 p. ; 18 cm

MARC

LEADER 00000nam a2200000Ia 4500
001 8369
008 160829s1983 xx 000 0 cat d
080 |a L-1-204 
100 |a Sans, Santiago  |9 35237 
245 |a Fou llavors de l'ambigú... :  |b  faula barrufa, vigilia nocturna / de Santiago Sans ; pròleg de Jaume Melendres 
260 |a Barcelona :  |b Institut del Teatre de la Diputació de Barcelona,  |c 1983 
300 |a 82 p. ;  |c 18 cm 
490 |a Biblioteca teatral ; 12 
590 |a Premi Ignasi Iglesias 1981 
700 |a Melendres, Jaume,  |d 1941-2009  |9 25255 
710 1 |a Institut del Teatre (Barcelona, Catalunya)  |9 52662 
901 |a Arxiu 
942 |n 1 
952 |0 0  |1 0  |4 0  |6 L1204  |7 1  |9 46824  |a Arxiu  |b Arxiu  |d 2016-12-01  |l 0  |o L-1-204  |p 8369  |r 2016-12-01 00:00:00  |w 2016-12-01  |y ARXIU 
999 |c 50617  |d 50617